000 00680nam a22002297a 4500
003 DO-SdBNP
005 20180205130453.0
008 180205b 1996 sp | 00| 0 spa d
040 _aBPMSU
_bspa
_cBPMSU
082 _axxx
_bxxxx
100 1 0 _aStine, R. L.
240 1 _aGoosebumps #2 stay out of the basement /
245 1 3 _a¡No bajes al sótano! /
_cR. L. Stine ; traducción Concha Pérez
260 _aBarcelona :
_bEdiciones B.,
_bEl periódico,
_c1996.
300 _a125 p. :
_c20 cm.
490 0 _aPesadillas
_v5
700 1 0 _aPérez, Concha
_etr.
830 0 _aPesadillas
_v5
942 _2ddc
_cBK
945 _aInventariado, 2018/ YL
956 _aYLOCKWARD
_b10
_cBPMSU
999 _c13270
_d13270